Pokémon - Les attaques de Corayon - Statistiques

Statistiques générales
  • Ce quiz a été pris 14 fois
  • Le résultat moyen est 8 sur 13
Statistiques - réponses
Niveaux Types Noms des attaques % Correct
Départ Normal Charge
100%
Niveau 5 Eau Pistolet à O
88%
Départ Normal Armure
75%
Niveau 25 Eau Bulles d'O
75%
Niveau 20 Roche Pouvoir Antique
75%
Niveau 45 Sol Telluriforce
75%
Niveau 10 Eau Anneau Hydro
63%
Niveau 40 Roche Rayon Gemme
63%
Niveau 50 Normal Soin
63%
Niveau 55 Psy Voile Miroir
50%
Niveau 35 Eau Fontaine de Vie
38%
Niveau 30 Normal Gigotage
38%
Niveau 15 Normal Ténacité
38%
Aucun quiz correspondant
Distribution des résultats
% des personnes avec chaque résultat
Percentile par nombre de réponses
Votre historique - résultats
Vous n’avez pas pris ce quiz